| 000 | 00395nam a2200121Ia 4500 | ||
|---|---|---|---|
| 008 | 220620s9999||||xx |||||||||||||| ||und|| | ||
| 245 | 0 |
_aNumerical Simulation _bFrom Theory to Industry |
|
| 546 | _aEnglish[eng] | ||
| 650 | _aComputer modelling & simulation | ||
| 700 | _aAndriychuk, Mykhaylo | ||
| 856 | _uhttps://mts.intechopen.com/storage/books/2207/authors_book/authors_book.pdf | ||
| 942 | _cEB | ||
| 999 |
_c31447 _d31447 |
||